000 00914nam a2200301 a 4500
001 26440
003 CO-ViMGA
008 141112s2004 ck r 000 u spa d
020 _a9789583034442
040 _aCO-ViMGA
_bspa
_cCO-ViMGA
041 _aSPA
090 _aN ESC10
100 1 _aEscobar, Froilán, 1944 -
_941176
245 1 0 _aEl cartero trae el domingo /
_cFroilán Escobar ; ilustraciones Julio César Gómez
250 _a1a ed.
260 _aBogotá :
_bPanAméricana,
_c2014
300 _a120 p. : il. byn.
490 _aLiteratura juvenil
650 1 4 _aAUTORES CUBANOS
_923537
650 1 4 _aCARTEROS - NOVELA
_941177
650 1 4 _aCIRCOS - NOVELA
_941178
650 1 4 _aDESDE LOS 15 AÑOS
_91079
650 1 4 _aLITERATURA JUVENIL CUBANA
_941179
650 1 4 _aMIEDO - NOVELA
_941180
650 1 4 _aRECUERDOS - NOVELA
_941181
700 1 _aGómez, Julio César
_941182
942 _2ddc
_cBK
999 _c2404
_d2404